| 000 | 00737nam a2200217 a 4500 | ||
|---|---|---|---|
| 005 | 20250903063922.0 | ||
| 008 | 991125s1991 mx 000 0 spa u | ||
| 035 | _aUPN01000026203 | ||
| 049 | _aCG | ||
| 050 | 4 |
_aLA400 _bS4.3 1991 |
|
| 111 | 2 |
_aSeminario Internacional _d(1991 : _cCiudad de México) |
|
| 245 | 1 | 3 |
_aLa gestión pedagógica de los planes escolares : _bprácticas, problemas y perspectivas analíticas, Ciudad de México, 3, 4 y 5 de junio de 1991. |
| 260 |
_aMéxico : _bUNAM : _bDIE CINVESTAV, _c1991. |
||
| 300 | _a[74] p. | ||
| 500 | _aFotocopia | ||
| 650 | 4 |
_aDiseño curricular _96719 |
|
| 650 | 4 |
_aEducación _xAdministración _9685 |
|
| 650 | 4 |
_aEducación y Estado _919 |
|
| 905 | _aLibro | ||
| 999 |
_c26203 _d26203 |
||